Speech of William Pinkney, Esq. in the House of Delegates of Maryland, at their session in November, 1789.

Bibliographic Details
Main Author: Pinkney, William, 1764-1822
Corporate Author: Maryland. General Assembly. House of Delegates (Author)
Format: eBook
Language:English
Series:Eighteenth century collections online.
Online Access:Full text online

MARC

Tag First Indicator Second Indicator Subfields
LEADER 00000cam a2200000 4500
001 in00001901113
006 m | d |
007 cr |n||||||||n
008 821207s1790 xxu|||| s 00| | eng d
005 20260403172449.9
035 |a (CStRLIN)ESTCW29472 
040 |a MWA  |c MWA  |d Uk-ES  |d CStRLIN  |d Thomson Gale  |d UtOrBLW 
100 1 |a Pinkney, William,  |d 1764-1822. 
245 1 0 |a Speech of William Pinkney, Esq. in the House of Delegates of Maryland, at their session in November, 1789. 
264 3 |a Philadelphia :  |b Printed by Joseph Crukshank, in Market-Street, between Second and Third-Streets,  |c MDCCXC. [1790] 
300 |a 22 pages, 2 unnumbered pages ;  |c 8⁰. 
336 |a text  |b txt  |2 rdacontent 
337 |a computer  |b c  |2 rdamedia 
338 |a online resource  |b cr  |2 rdacarrier 
500 |a Urging the enactment of a law to end slavery. 
500 |a Reproduction of original from the British Library. 
510 4 |a Evans,  |c 22800 
510 4 |a Sabin,  |c 62970 
510 4 |a English Short Title Catalog,  |c ESTCW29472. 
533 |a Electronic reproduction.  |b Farmington Hills, Mich. :  |c Thomson Gale,  |d 2003.  |n Available via the World Wide Web.  |n Access limited by licensing agreements  |7 s2003 miunns 
500 |a Electronic resource. 
710 1 |a Maryland.  |b General Assembly.  |b House of Delegates,  |e author. 
830 0 |a Eighteenth century collections online. 
856 4 0 |u http://proxy.library.tamu.edu/login?url=https://galenet.galegroup.com/servlet/ECCO?c=1&stp=Author&ste=11&af=BN&ae=W029472&tiPG=1&dd=0&dc=flc&docNum=CW104185986&vrsn=1.0&srchtp=a&d4=0.33&n=10&SU=0LRL+OR+0LRI&locID=txshracd2898  |z Full text online  |t 0 
999 |a MARS 
999 f f |s 0cbbd156-ed4b-3019-8434-0f8677fea158  |i c74fb311-7f9f-39c6-85d4-eed3df50111b  |t 0 
952 f f |a Texas A&M University  |b College Station  |c Electronic Resources  |s www_evans  |d Available Online  |t 0  |h No information provided 
998 f f |t 0  |l Available Online